[Event "Sueca op 7th"]
[Site "Sueca"]
[Date "2023.08.11"]
[Round "6"]
[White "Gerona Maura, Jesus"]
[Black "Kovacevic, Slobodan"]
[Result "0-1"]
[WhiteElo "1719"]
[BlackElo "2218"]
[PlyCount "74"]
[EventDate "2023.08.07"]
[EventType "swiss"]
[EventRounds "9"]
[EventCountry "ESP"]
[SourceTitle "CBM 215 Extra"]
[Source "ChessBase"]
[SourceDate "2023.09.30"]
[SourceVersion "1"]
[SourceVersionDate "2023.09.30"]
[SourceQuality "1"]

1. d4 Nf6 2. Nf3 e6 3. e3 c5 4. Bd3 b6 5. b3 Bb7 6. Nbd2 cxd4 7. exd4 d6 8. Bb2 Nbd7 9. Qe2 a6 10. 0-0 Be7 11. c4 0-0 12. Rfe1 Re8 13. Ne4 Nh5 14. Qd2 Rc8 15. Rad1 Qc7 16. Bb1 Qb8 17. Qc2 Nf8 18. Qd2 Rcd8 19. d5 e5 20. Ng3 Nxg3 21. hxg3 Bc8 22. Nh4 a5 23. Nf5 Bxf5 24. Bxf5 g6 25. Bc2 Nd7 26. f3 Rc8 27. Kf2 Bf8 28. Rh1 Bg7 29. Qg5 b5 30. Qg4 Nf6 31. Qh4 bxc4 32. Bc1 cxb3 33. Bxb3 Qb4 34. Qg5 a4 35. Rh4 e4 36. Bd2 Qb5 37. Rf4 h6 0-1

[Event "Alzira op 12th"]
[Site "Alzira"]
[Date "2022.12.29"]
[Round "5"]
[White "Garcia Pouso, Marcos"]
[Black "Gerona Maura, Jesus"]
[Result "0-1"]
[WhiteElo "1338"]
[BlackElo "1690"]
[PlyCount "100"]
[EventDate "2022.12.27"]
[EventType "swiss"]
[EventRounds "8"]
[EventCountry "ESP"]
[SourceTitle "CBM 212 Extra"]
[Source "ChessBase"]
[SourceDate "2023.03.31"]
[SourceVersion "1"]
[SourceVersionDate "2023.03.31"]
[SourceQuality "1"]

1. c4 c5 2. Nc3 Nf6 3. g3 e6 4. Bg2 d5 5. cxd5 exd5 6. e3 Nc6 7. Nf3 Be7 8. d4 0-0 9. 0-0 h6 10. Bd2 Bg4 11. dxc5 Ne4 12. Qc2 Nb4 13. Qd1 Nd3 14. Qb1 Ndxc5 15. Be1 Bf5 16. Nxe4 Bxe4 17. Qc1 Bd3 18. Bc3 Bxf1 19. Bxf1 Ne4 20. Bd4 Rc8 21. Qd1 Qa5 22. Ne5 Rfd8 23. Qg4 Nf6 24. Qf5 Qd2 25. Bd3 Rc1+ 26. Rxc1 Qxc1+ 27. Kg2 Qc8 28. Qf4 Bc5 29. Nf3 Bxd4 30. Nxd4 Qb8 31. Qf3 Re8 32. Nf5 Qe5 33. g4 Ne4 34. h4 Re6 35. Qe2 Kh7 36. f3 g6 37. Nd4 Qg3+ 38. Kf1 Rf6 39. Qg2 Qxh4 40. Ke2 Nc5 41. Bc2 Rb6 42. b3 Qe7 43. f4 Ne6 44. Kf2 Nxd4 45. exd4 Qf6 46. Qe4 Qxf4+ 47. Qf3 Qd2+ 48. Kg3 Kg7 49. Be4 Rf6 50. Qg2 Qe1+ 0-1

[Event "Alzira op 12th"]
[Site "Alzira"]
[Date "2022.12.27"]
[Round "2"]
[White "Quesada Santamaria, Vicente"]
[Black "Gerona Maura, Jesus"]
[Result "1/2-1/2"]
[WhiteElo "1453"]
[BlackElo "1690"]
[PlyCount "106"]
[EventDate "2022.12.27"]
[EventType "swiss"]
[EventRounds "8"]
[EventCountry "ESP"]
[SourceTitle "CBM 212 Extra"]
[Source "ChessBase"]
[SourceDate "2023.03.31"]
[SourceVersion "1"]
[SourceVersionDate "2023.03.31"]
[SourceQuality "1"]

1. d4 Nf6 2. Nf3 c5 3. d5 d6 4. c4 b5 5. a3 bxc4 6. Nc3 g6 7. e4 Bg7 8. Bxc4 Nbd7 9. 0-0 Ng4 10. h3 Nge5 11. Nxe5 Nxe5 12. Be2 0-0 13. Bf4 Qa5 14. Qc1 Rb8 15. Bd2 Qb6 16. b4 cxb4 17. axb4 Nd7 18. Rb1 Qd4 19. b5 Nb6 20. Qc2 Bd7 21. Qd3 Rfc8 22. Nd1 Nc4 23. Qxd4 Bxd4 24. Bxc4 Rxc4 25. Ne3 Rc5 26. Rb4 Bg7 27. Rc1 Bxb5 28. Rcb1 a6 29. f4 Bc3 30. Bxc3 Rxc3 31. Kf2 Rbc8 32. e5 Rd3 33. Rd1 Rxd1 34. Nxd1 Rc2+ 35. Kg3 Kf8 36. Rb2 Rc1 37. Ne3 Rc3 38. Kf2 Ke8 39. g4 dxe5 40. fxe5 Rc1 41. Kg3 Kd7 42. Kf4 h6 43. h4 f6 44. Rc2 Re1 45. exf6 exf6 46. Nc4 Rf1+ 47. Kg3 Rd1 48. Ne3 Rd3 49. Kf2 Kd6 50. Rc8 Rd2+ 51. Kf3 Be2+ 52. Ke4 Bd3+ 53. Kf3 Be2+ 1/2-1/2

[Event "Almansa op-B"]
[Site "Almansa"]
[Date "2022.08.10"]
[Round "2"]
[White "Reig Albero, Ferran"]
[Black "Gerona Maura, Jesus"]
[Result "1/2-1/2"]
[WhiteElo "1970"]
[BlackElo "1697"]
[PlyCount "45"]
[EventDate "2022.08.10"]
[EventType "swiss"]
[EventRounds "8"]
[EventCountry "ESP"]
[SourceTitle "CBM 210 Extra"]
[Source "ChessBase"]
[SourceDate "2022.11.30"]
[SourceVersion "1"]
[SourceVersionDate "2022.11.30"]
[SourceQuality "1"]

1. e4 e5 2. Nf3 Nc6 3. Bb5 a6 4. Ba4 Nf6 5. 0-0 Be7 6. Re1 b5 7. Bb3 0-0 8. d3 d6 9. c3 Na5 10. Bc2 c5 11. Nbd2 Qc7 12. Nf1 Re8 13. Ng3 g6 14. h3 Bf8 15. Be3 Bg7 16. Rc1 Nc6 17. d4 c4 18. Qd2 Bb7 19. d5 Nb8 20. Bh6 Nbd7 21. Nh4 Nf8 22. Bxg7 Kxg7 23. Nhf5+ 1/2-1/2

[Event "Valencia CEX-CAA 4th"]
[Site "Valencia"]
[Date "2019.11.02"]
[Round "3.7"]
[White "Gerona Maura, Jesus"]
[Black "Arlandis Clari, Enrique"]
[Result "1/2-1/2"]
[WhiteElo "1772"]
[BlackElo "1977"]
[PlyCount "115"]
[EventDate "2019.10.19"]
[EventType "swiss"]
[EventRounds "7"]
[EventCountry "ESP"]
[SourceTitle "EXT 2024"]
[Source "ChessBase"]
[SourceDate "2023.10.10"]
[SourceVersion "1"]
[SourceVersionDate "2023.10.10"]
[SourceQuality "1"]

1. d4 d5 2. Nf3 Nf6 3. c4 e6 4. g3 Nbd7 5. Bg2 c6 6. 0-0 Be7 7. Nbd2 0-0 8. Qc2 b6 9. e4 Bb7 10. e5 Ne8 11. b3 c5 12. dxc5 Bxc5 13. Bb2 Rc8 14. Qd3 Be7 15. Rfd1 Nc7 16. Rac1 f6 17. cxd5 Bxd5 18. Ne4 f5 19. Nd6 Nc5 20. Rxc5 bxc5 21. Nxc8 Qxc8 22. Nd2 Rd8 23. Bxd5 Nxd5 24. Qb5 Nb6 25. Bc3 Qd7 26. Qxd7 Rxd7 27. Kf1 c4 28. Ba5 cxb3 29. axb3 Rd5 30. Bxb6 axb6 31. f4 g5 32. Ke2 gxf4 33. gxf4 Rd4 34. Rf1 Bb4 35. Nb1 Bf8 36. Nd2 Bb4 37. Nb1 Kg7 38. Ke3 Bc5 39. Ke2 Re4+ 40. Kd3 Re3+ 41. Kc4 Rh3 42. b4 Be3 43. Nc3 Rxh2 44. Rf3 Bc1 45. Na4 Rh4 46. Nxb6 Bxf4 47. Kc5 Bxe5 48. Nd7 Bd4+ 49. Kd6 Kf7 50. b5 Bg1 51. Ne5+ Kf6 52. Nd7+ Kg5 53. Kxe6 Re4+ 54. Kd5 Rd4+ 55. Kc6 Rxd7 56. Rg3+ Kf4 57. Rxg1 Rd2 58. Rh1 1/2-1/2

[Event "Benimodo Igualtat"]
[Site "Benimodo"]
[Date "2018.08.14"]
[Round "1.1"]
[White "Gerona Maura, Jesus"]
[Black "Granero Roca, Antonio"]
[Result "0-1"]
[WhiteElo "1814"]
[BlackElo "2383"]
[PlyCount "74"]
[EventDate "2018.08.14"]
[EventType "swiss"]
[EventRounds "7"]
[EventCountry "ESP"]
[SourceTitle "EXT 2024"]
[Source "ChessBase"]
[SourceDate "2023.10.10"]
[SourceVersion "1"]
[SourceVersionDate "2023.10.10"]
[SourceQuality "1"]

1. Nf3 Nf6 2. c4 g6 3. g3 c5 4. Bg2 Nc6 5. Nc3 d6 6. d4 cxd4 7. Nxd4 Bd7 8. 0-0 Bg7 9. b3 0-0 10. Bb2 Qa5 11. e3 Rac8 12. Nd5 Nxd5 13. Nxc6 bxc6 14. Bxg7 Nxe3 15. fxe3 Kxg7 16. Qd4+ f6 17. Rf2 Rc7 18. Rd2 Qg5 19. Qf4 Qe5 20. Rad1 c5 21. Rd5 Qxf4 22. exf4 Rb8 23. Re1 Kf8 24. Rd2 a5 25. Rde2 Be8 26. Bd5 a4 27. bxa4 Bxa4 28. h4 Be8 29. Kf2 Ra7 30. Rh1 Bf7 31. Bxf7 Kxf7 32. h5 Rba8 33. hxg6+ Kxg6 34. Ra1 Kf5 35. Rd2 Ra4 36. Rc2 Kg4 37. Ke3 e6 0-1

[Event "Alzira op"]
[Site "Alzira"]
[Date "2018.05.25"]
[Round "5.1"]
[White "Albuixec Sanz, Jorge"]
[Black "Gerona Maura, Jesus"]
[Result "0-1"]
[WhiteElo "1829"]
[BlackElo "1814"]
[PlyCount "68"]
[EventDate "2018.04.28"]
[EventType "swiss"]
[EventRounds "7"]
[EventCountry "ESP"]
[SourceTitle "EXT 2024"]
[Source "ChessBase"]
[SourceDate "2023.10.10"]
[SourceVersion "1"]
[SourceVersionDate "2023.10.10"]
[SourceQuality "1"]

1. Nf3 Nf6 2. g3 d5 3. Bg2 c6 4. 0-0 h6 5. d3 Bf5 6. Nbd2 Nbd7 7. e4 dxe4 8. dxe4 Nxe4 9. Nxe4 Bxe4 10. Qe2 Nf6 11. Rd1 Qb6 12. c4 e6 13. Be3 Bc5 14. Bxc5 Qxc5 15. Nd4 Bxg2 16. b4 Qe7 17. Kxg2 0-0 18. b5 c5 19. Nf5 Qc7 20. Nd6 Rfd8 21. Ne4 Qe5 22. Nxf6+ Qxf6 23. Qe4 b6 24. a4 Rab8 25. a5 Rd4 26. Qc2 Rbd8 27. axb6 axb6 28. Rxd4 cxd4 29. Ra6 d3 30. Qd2 Qd4 31. Ra4 Rc8 32. Ra3 Qe4+ 33. Kg1 Rd8 34. Rc3 Qe2 0-1

[Event "Benimodo op U2200 12th"]
[Site "Benimodo"]
[Date "2017.08.19"]
[Round "3"]
[White "Gerona Maura, Jesus"]
[Black "Cortes Ruiz, Javier"]
[Result "0-1"]
[WhiteElo "1793"]
[BlackElo "1922"]
[PlyCount "46"]
[EventDate "2017.08.18"]
[EventType "swiss"]
[EventRounds "7"]
[EventCountry "ESP"]
[SourceTitle "EXT 2019"]
[Source "ChessBase"]
[SourceDate "2018.10.10"]
[SourceVersion "1"]
[SourceVersionDate "2018.10.10"]
[SourceQuality "1"]

1. Nf3 c5 2. c4 Nc6 3. g3 g6 4. d4 cxd4 5. Nxd4 Bg7 6. Nxc6 bxc6 7. Bg2 Ba6 8. Qa4 Qb6 9. Nc3 Nh6 10. 0-0 0-0 11. c5 Qb7 12. Qc2 Nf5 13. Rd1 Nd4 14. Qe4 Ne6 15. Be3 Qxb2 16. Na4 Qb7 17. Rab1 Qc7 18. Qc2 Qa5 19. Rxd7 Bb5 20. Nb2 Qxa2 21. Rxe7 Rab8 22. Be4 Rfd8 23. Bf4 Nd4 0-1

[Event "Xativa Social Club"]
[Site "Xativa"]
[Date "2017.06.03"]
[Round "6"]
[White "Gerona Maura, Jesus"]
[Black "Porras Boronat, German"]
[Result "1-0"]
[WhiteElo "1850"]
[BlackElo "1486"]
[PlyCount "48"]
[EventDate "2017.04.29"]
[EventType "swiss"]
[EventRounds "7"]
[EventCountry "ESP"]
[SourceTitle "EXT 2024"]
[Source "ChessBase"]
[SourceDate "2023.10.10"]
[SourceVersion "1"]
[SourceVersionDate "2023.10.10"]
[SourceQuality "1"]

1. e4 e5 2. Nf3 Nc6 3. Bc4 Bc5 4. b4 Bxb4 5. c3 Ba5 6. d4 exd4 7. 0-0 Nge7 8. Ng5 d5 9. exd5 Ne5 10. Qxd4 N7g6 11. Re1 0-0 12. Rxe5 Nxe5 13. Qxe5 Re8 14. Qf4 Re1+ 15. Bf1 Qxd5 16. Bd2 Rd1 17. c4 Qf5 18. Qe3 Bd7 19. Qb3 Bxd2 20. Qxd1 Bxg5 21. Bd3 Qe5 22. Na3 Rd8 23. Qe1 Qd6 24. Qe4 Bf5 1-0

[Event "Xativa Social Club"]
[Site "Xativa"]
[Date "2017.05.20"]
[Round "4"]
[White "Gerona Maura, Jesus"]
[Black "Albuixec Sanz, Jorge"]
[Result "1/2-1/2"]
[WhiteElo "1850"]
[BlackElo "1816"]
[PlyCount "61"]
[EventDate "2017.04.29"]
[EventType "swiss"]
[EventRounds "7"]
[EventCountry "ESP"]
[SourceTitle "EXT 2024"]
[Source "ChessBase"]
[SourceDate "2023.10.10"]
[SourceVersion "1"]
[SourceVersionDate "2023.10.10"]
[SourceQuality "1"]

1. d4 Nf6 2. Nf3 d5 3. e3 Bf5 4. c4 e6 5. Nc3 Be7 6. Qb3 b6 7. cxd5 exd5 8. Ne5 0-0 9. Bb5 c5 10. 0-0 c4 11. Qd1 Bd6 12. f4 a6 13. Ba4 b5 14. Bc2 Bxc2 15. Qxc2 b4 16. Ne2 Ne4 17. Rf3 Nd7 18. Bd2 Ndf6 19. Raf1 Nxd2 20. Qxd2 Ne4 21. Qe1 Rc8 22. Rh3 c3 23. bxc3 bxc3 24. g4 c2 25. g5 Nxg5 26. fxg5 Qxg5+ 27. Rg3 Qh5 28. Nf4 Qf5 29. Nfd3 Qh5 30. Nf4 Qf5 31. Nfd3 1/2-1/2

[Event "Benimodo U2200 op 11th"]
[Site "Benimodo"]
[Date "2016.08.19"]
[Round "2"]
[White "Gerona Maura, Jesus"]
[Black "Cortes Marti, Javier"]
[Result "1-0"]
[WhiteElo "1868"]
[BlackElo "2082"]
[PlyCount "93"]
[EventDate "2016.08.19"]
[EventType "swiss"]
[EventRounds "7"]
[EventCountry "ESP"]
[SourceTitle "EXT 2024"]
[Source "ChessBase"]
[SourceDate "2023.10.10"]
[SourceVersion "1"]
[SourceVersionDate "2023.10.10"]
[SourceQuality "1"]

1. e4 e5 2. Nf3 Nc6 3. Bb5 a6 4. Ba4 Nf6 5. 0-0 Nxe4 6. d4 b5 7. Bb3 d5 8. dxe5 Be6 9. Be3 Bc5 10. Qe2 Qe7 11. c3 0-0 12. Nbd2 Bxe3 13. Qxe3 Nxd2 14. Nxd2 Rad8 15. Bc2 f5 16. exf6 Qxf6 17. Rae1 Bf7 18. Qh3 g6 19. Re3 d4 20. Ne4 Qg7 21. Rf3 Ne5 22. Nf6+ Kh8 23. Rf4 d3 24. Nxh7 Qxh7 25. Rh4 Qxh4 26. Qxh4+ Kg7 27. Bd1 Nc4 28. f4 Ne3 29. Re1 Nf5 30. Qg5 d2 31. Re5 Rde8 32. g4 Ne3 33. f5 Nxf5 34. gxf5 Rxe5 35. f6+ Kg8 36. Qh6 Re1+ 37. Kf2 Rf1+ 38. Kxf1 Bc4+ 39. Kg1 Rxf6 40. Qxd2 Rd6 41. Qe1 Re6 42. Qg3 Rd6 43. Bc2 Kg7 44. Qe5+ Kf7 45. b3 Be6 46. h4 Kg8 47. Bxg6 1-0

[Event "Sueca op 2nd"]
[Site "Sueca"]
[Date "2016.07.30"]
[Round "7.24"]
[White "Gerona Maura, Jesus"]
[Black "Marco Catala, Juan Bautista"]
[Result "1-0"]
[WhiteElo "1868"]
[BlackElo "1680"]
[PlyCount "47"]
[EventDate "2016.07.25"]
[EventType "swiss"]
[EventRounds "8"]
[EventCountry "ESP"]
[SourceTitle "EXT 2024"]
[Source "ChessBase"]
[SourceDate "2023.10.10"]
[SourceVersion "1"]
[SourceVersionDate "2023.10.10"]
[SourceQuality "1"]

1. e4 d6 2. d4 Nf6 3. Nc3 g6 4. Nf3 Bg7 5. h3 0-0 6. Be3 c6 7. a4 Nbd7 8. Qd2 Qa5 9. Ra3 Qc7 10. a5 e5 11. dxe5 dxe5 12. Bc4 Re8 13. 0-0 Nf8 14. Bc5 Rd8 15. Qe3 Be6 16. Bxe6 Nxe6 17. Bxa7 Nd7 18. Rd1 f5 19. Bb6 Nxb6 20. Rxd8+ Qxd8 21. axb6 Rxa3 22. bxa3 f4 23. Qd3 Qxb6 24. Qc4 1-0

[Event "Sueca op 2nd"]
[Site "Sueca"]
[Date "2016.07.29"]
[Round "6.30"]
[White "Aupi Rifa, Francisco"]
[Black "Gerona Maura, Jesus"]
[Result "0-1"]
[WhiteElo "1676"]
[BlackElo "1868"]
[PlyCount "38"]
[EventDate "2016.07.25"]
[EventType "swiss"]
[EventRounds "8"]
[EventCountry "ESP"]
[SourceTitle "EXT 2024"]
[Source "ChessBase"]
[SourceDate "2023.10.10"]
[SourceVersion "1"]
[SourceVersionDate "2023.10.10"]
[SourceQuality "1"]

1. Nf3 g6 2. c4 Bg7 3. g3 c5 4. Nc3 Nf6 5. Bg2 0-0 6. d4 cxd4 7. Nxd4 Nc6 8. 0-0 Qb6 9. b3 d6 10. Be3 Qa6 11. Rc1 Ng4 12. Bg5 Nge5 13. c5 Be6 14. cxd6 exd6 15. Nd5 Qxa2 16. Qc2 Bxd5 17. Bxd5 Nb4 18. Qd2 Nxd5 19. f4 Nb4 0-1

[Event "Sueca op 2nd"]
[Site "Sueca"]
[Date "2016.07.27"]
[Round "3.13"]
[White "Jarque Megias, Juan Jose"]
[Black "Gerona Maura, Jesus"]
[Result "1-0"]
[WhiteElo "2105"]
[BlackElo "1868"]
[PlyCount "45"]
[EventDate "2016.07.25"]
[EventType "swiss"]
[EventRounds "8"]
[EventCountry "ESP"]
[SourceTitle "EXT 2024"]
[Source "ChessBase"]
[SourceDate "2023.10.10"]
[SourceVersion "1"]
[SourceVersionDate "2023.10.10"]
[SourceQuality "1"]

1. e4 c5 2. Nf3 g6 3. d4 cxd4 4. Nxd4 Bg7 5. c4 Nc6 6. Be3 Nf6 7. Nc3 0-0 8. Be2 d6 9. 0-0 Nxd4 10. Bxd4 b6 11. f4 Bb7 12. Bf3 Nd7 13. Bxg7 Kxg7 14. Qd4+ Kg8 15. Rad1 Nc5 16. e5 Ne6 17. Qe3 Bxf3 18. Rxf3 Ng7 19. g4 Qd7 20. f5 Rfe8 21. Qh6 Qc6 22. Rh3 Qc5+ 23. Kh1 1-0

[Event "Sueca op 1st"]
[Site "Sueca"]
[Date "2015.07.28"]
[Round "2"]
[White "Galvan, Jesus"]
[Black "Gerona Maura, Jesus"]
[Result "1-0"]
[WhiteElo "2216"]
[BlackElo "1931"]
[PlyCount "61"]
[EventDate "2015.07.27"]
[EventType "swiss"]
[EventRounds "8"]
[EventCountry "ESP"]
[SourceTitle "EXT 2016"]
[Source "ChessBase"]
[SourceDate "2015.10.08"]
[SourceVersion "1"]
[SourceVersionDate "2015.10.08"]
[SourceQuality "1"]

1. d4 Nf6 2. c4 c5 3. d5 e6 4. Nc3 exd5 5. cxd5 d6 6. e4 g6 7. f4 Bg7 8. Bb5+ Nfd7 9. a4 a6 10. Be2 0-0 11. Nf3 Re8 12. 0-0 Bxc3 13. bxc3 Rxe4 14. Bd3 Re8 15. c4 Qf6 16. Rb1 Nf8 17. Qd2 Qg7 18. Bb2 f6 19. Ng5 Bf5 20. Bxf5 gxf5 21. Rf3 Qe7 22. Ne6 Nxe6 23. Re3 Qf7 24. Rxe6 Rxe6 25. dxe6 Qxe6 26. Re1 Qf7 27. Qxd6 Nc6 28. Re3 Rf8 29. h3 h6 30. Kh2 Qxc4 31. Rg3+ 1-0

[Event "Valencia Don Quijote Memorial"]
[Site "Valencia"]
[Date "2015.07.09"]
[Round "8"]
[White "Nieto Tornero, Jose"]
[Black "Gerona Maura, Jesus"]
[Result "1-0"]
[WhiteElo "1890"]
[BlackElo "1936"]
[PlyCount "69"]
[EventDate "2015.06.30"]
[EventType "tourn"]
[EventRounds "9"]
[EventCountry "ESP"]
[SourceTitle "CBM 167 Extra"]
[Source "ChessBase"]
[SourceDate "2015.09.14"]
[SourceVersion "1"]
[SourceVersionDate "2015.09.14"]
[SourceQuality "1"]

1. e4 c5 2. Nf3 Nc6 3. d4 cxd4 4. Nxd4 g6 5. c4 Bg7 6. Be3 Nf6 7. Nc3 Ng4 8. Qxg4 Nxd4 9. Qd1 e5 10. g3 b6 11. Bg2 Bb7 12. 0-0 0-0 13. f4 Nc6 14. f5 Rc8 15. Nb5 Na5 16. b3 a6 17. Nd6 Rb8 18. Qd2 Qc7 19. Rad1 f6 20. Qc3 Ba8 21. b4 Nb7 22. Nxb7 Bxb7 23. fxg6 hxg6 24. c5 b5 25. Rd6 Rbc8 26. Qb3+ Kh7 27. Qd1 Rf7 28. Qg4 Rcf8 29. Qh4+ Kg8 30. Bh6 g5 31. Qh5 Bxh6 32. Qxh6 Rh7 33. Qg6+ Rg7 34. Qf5 Qd8 35. Rxf6 1-0

[Event "Valencia Don Quijote Memorial"]
[Site "Valencia"]
[Date "2015.07.08"]
[Round "7"]
[White "Gerona Maura, Jesus"]
[Black "Paris Turegano, Javier"]
[Result "1-0"]
[WhiteElo "1936"]
[BlackElo "1896"]
[PlyCount "45"]
[EventDate "2015.06.30"]
[EventType "tourn"]
[EventRounds "9"]
[EventCountry "ESP"]
[SourceTitle "CBM 167 Extra"]
[Source "ChessBase"]
[SourceDate "2015.09.14"]
[SourceVersion "1"]
[SourceVersionDate "2015.09.14"]
[SourceQuality "1"]

1. e4 c5 2. d4 cxd4 3. c3 e6 4. Nf3 d5 5. exd5 exd5 6. cxd4 g6 7. Bb5+ Nc6 8. Ne5 Bd7 9. Nxd7 Qxd7 10. 0-0 Bg7 11. Re1+ Nge7 12. Bg5 f6 13. Bf4 Kf7 14. Nc3 Rhe8 15. Qf3 Nf5 16. Qxd5+ Qxd5 17. Nxd5 Rxe1+ 18. Rxe1 Ncxd4 19. Bc4 Kf8 20. Bd2 Nc6 21. Nc7 Rc8 22. Ne6+ Kg8 23. Ng5+ 1-0

[Event "Valencia Don Quijote Memorial"]
[Site "Valencia"]
[Date "2015.07.03"]
[Round "4"]
[White "Selva Salvador, Antonio"]
[Black "Gerona Maura, Jesus"]
[Result "1-0"]
[WhiteElo "1889"]
[BlackElo "1936"]
[PlyCount "83"]
[EventDate "2015.06.30"]
[EventType "tourn"]
[EventRounds "9"]
[EventCountry "ESP"]
[SourceTitle "CBM 167 Extra"]
[Source "ChessBase"]
[SourceDate "2015.09.14"]
[SourceVersion "1"]
[SourceVersionDate "2015.09.14"]
[SourceQuality "1"]

1. d4 Nf6 2. Nf3 d5 3. e3 c6 4. c4 e6 5. Nbd2 Nbd7 6. Bd3 Bd6 7. 0-0 e5 8. dxe5 Nxe5 9. Nxe5 Bxe5 10. Nf3 Bc7 11. cxd5 cxd5 12. Bb5+ Bd7 13. Qe2 0-0 14. Bxd7 Qxd7 15. b3 Rac8 16. Bb2 Qf5 17. Rad1 Qh5 18. Qd3 Rfd8 19. Bxf6 gxf6 20. Qd4 Be5 21. Qxa7 Kh8 22. Nxe5 fxe5 23. Qxb7 e4 24. Rd2 Rg8 25. g3 Rcd8 26. Qe7 Qf5 27. Rfd1 f6 28. b4 Rd7 29. Qc5 Rgd8 30. a4 h5 31. h4 Qe5 32. Kh2 Qf5 33. b5 Qf3 34. b6 Rg7 35. a5 Rdg8 36. Rg1 Qg4 37. Rxd5 Rh7 38. Qd6 Rf7 39. Qf4 Qg6 40. a6 f5 41. Rd6 Rf6 42. Rgd1 1-0

[Event "Benidorm op U2000 12th"]
[Site "Benidorm"]
[Date "2013.12.04"]
[Round "7"]
[White "Orantes Taboada, Francisco"]
[Black "Gerona Maura, Jesus"]
[Result "0-1"]
[WhiteElo "1822"]
[BlackElo "1939"]
[PlyCount "28"]
[EventDate "2013.11.29"]
[EventType "swiss"]
[EventRounds "10"]
[EventCountry "ESP"]
[SourceTitle "CBM 157 Extra"]
[Source "ChessBase"]
[SourceDate "2013.12.19"]
[SourceVersion "1"]
[SourceVersionDate "2013.12.19"]
[SourceQuality "1"]

1. e4 d6 2. d4 Nf6 3. Nc3 g6 4. f3 Bg7 5. Be3 0-0 6. Qd2 c6 7. g4 e5 8. d5 cxd5 9. Nxd5 Nxd5 10. Qxd5 Nc6 11. 0-0-0 Be6 12. Qd2 Rc8 13. Kb1 Qc7 14. Qxd6 Rfd8 0-1

[Event "Mislata op-A"]
[Site "Mislata"]
[Date "2010.08.19"]
[Round "6"]
[White "Gerona Maura, Jesus"]
[Black "Silva Rodriguez, Fernando"]
[Result "0-1"]
[WhiteElo "2044"]
[BlackElo "2115"]
[PlyCount "94"]
[EventDate "2010.08.16"]
[EventType "swiss"]
[EventRounds "9"]
[EventCountry "ESP"]
[SourceTitle "CBM 138 Extra"]
[Source "ChessBase"]
[SourceDate "2010.10.29"]
[SourceVersion "1"]
[SourceVersionDate "2010.10.29"]
[SourceQuality "1"]

1. d4 d6 2. e4 Nf6 3. Nc3 Nbd7 4. g3 e5 5. Be3 Be7 6. Bg2 c6 7. h3 0-0 8. Nge2 b5 9. a3 Bb7 10. 0-0 a5 11. Qd2 b4 12. axb4 axb4 13. Na4 exd4 14. Nxd4 c5 15. Nf5 Nxe4 16. Qe2 d5 17. Qg4 g6 18. Bxe4 dxe4 19. Rfd1 Bc6 20. b3 h5 21. Nh6+ Kh7 22. Qf4 g5 23. Nxf7 gxf4 24. Nxd8 Rfxd8 25. Bxf4 Bf6 26. Rab1 Bxa4 27. bxa4 Nb6 28. Rxd8 Bxd8 29. Rd1 Nxa4 30. Rd7+ Kg6 31. Rd6+ Kf7 32. Rd7+ Ke8 33. Rh7 Bf6 34. Rxh5 Bd4 35. Be3 Rd8 36. Bf4 Nc3 37. Kf1 Nd1 38. Rh7 Rd7 39. Rh6 Ke7 40. Bg5+ Kf7 41. Ke2 Nc3+ 42. Kf1 Nb5 43. h4 Na3 44. h5 Nxc2 45. Rb6 c4 46. Rb8 b3 47. h6 Kg6 0-1

[Event "Cullera op 13th"]
[Site "Cullera"]
[Date "2010.07.31"]
[Round "7"]
[White "Gerona Maura, Jesus"]
[Black "Sos Andreu, Eric"]
[Result "0-1"]
[WhiteElo "2044"]
[BlackElo "1940"]
[PlyCount "56"]
[EventDate "2010.07.26"]
[EventType "swiss"]
[EventRounds "9"]
[EventCountry "ESP"]
[SourceTitle "CBM 137 Extra"]
[Source "ChessBase"]
[SourceDate "2010.09.01"]
[SourceVersion "1"]
[SourceVersionDate "2010.09.01"]
[SourceQuality "1"]

1. e4 c5 2. Nf3 d6 3. d4 cxd4 4. Nxd4 Nf6 5. Nc3 a6 6. f4 e5 7. Nf3 Qc7 8. Bd3 Nc6 9. a3 h6 10. 0-0 exf4 11. Bxf4 Ne5 12. Nd5 Nxd5 13. exd5 Nxd3 14. Qxd3 Be7 15. Rae1 0-0 16. c4 b5 17. cxb5 axb5 18. Rc1 Qd7 19. Nd4 Bf6 20. Kh1 Ra4 21. b4 Bxd4 22. Qxd4 Rxa3 23. Rc6 Qf5 24. Rxd6 g5 25. Rf6 Rd3 26. Qb2 Qxd5 27. Rxh6 f6 28. Bg3 Rd2 0-1

[Event "Mislata op 43rd"]
[Site "Mislata"]
[Date "2009.08.25"]
[Round "2"]
[White "Gomez Ledo, Roberto Carlos"]
[Black "Gerona Maura, Jesus"]
[Result "1-0"]
[WhiteElo "2404"]
[BlackElo "2071"]
[PlyCount "77"]
[EventDate "2009.08.24"]
[EventType "swiss"]
[EventRounds "9"]
[EventCountry "ESP"]
[SourceTitle "CBM 131 Extra"]
[Source "ChessBase"]
[SourceDate "2009.09.03"]
[SourceVersion "2"]
[SourceVersionDate "2009.09.16"]
[SourceQuality "1"]

1. d4 Nf6 2. Bg5 Ne4 3. Bf4 c5 4. f3 Qa5+ 5. c3 Nf6 6. d5 Qb6 7. Bc1 e6 8. e4 exd5 9. exd5 d6 10. c4 Bf5 11. Bd3 Bxd3 12. Qxd3 Nbd7 13. f4 Be7 14. Nf3 0-0 15. 0-0 Rfe8 16. Nc3 Bf8 17. Rb1 g6 18. Kh1 Bg7 19. Be3 Re7 20. Bg1 Rae8 21. b4 Ng4 22. Nd1 Qc7 23. a3 b6 24. h3 Ngf6 25. Bh2 cxb4 26. axb4 Re4 27. Nd4 Nxd5 28. Nb5 Qxc4 29. Qxc4 Rxc4 30. Nxd6 Rec8 31. Nxc8 Rxc8 32. Nf2 Bc3 33. Rfd1 N7f6 34. b5 Re8 35. Ng4 Nxg4 36. hxg4 Nf6 37. Rd3 Be1 38. g5 Ne4 39. Rxe1 1-0